00674nam a2200241 a 4500001001300000003000900013005001700022008004100039020000800080082001900088100002100107245001800128260003400146300000900180500003500189505001700224650002700241700002100268902000800289942000700297952011500304999001300419nice12345678IN_TiNIC20260116011355.0050524s1963 dela grp 000 0 urd  ac300a891.43909bZAE aZaedi, Ali Jawad aAap Se Miliye aDelhibMaktaba Shah Rahc1963 a176p aincludes index and biblioraphy2 aBibliography aBiography-Urdu Writers1 aZaedi, Ali Jawad bSRS cBK 001040708StackRoom-aHMIbHMId2008-02-05g3.00l0o891.43909 ZAEp03576r2008-02-05v3.00w2005-05-24yBK c960d960